Odborný slovník česko-německý z oblasti ekonomické, finanční a právní /

Guardado en:
Detalles Bibliográficos
Autor principal: Zlámal, Josef (ZRE)
Formato: Libro
Lenguaje:lenguas múltiples
Publicado: Praha : Linde, 1993
Materias:
Etiquetas: Agregar Etiqueta
Sin Etiquetas, Sea el primero en etiquetar este registro!

MARC

LEADER 00000nam a22000003a 4500
001 stu44633
005 20150617225718.1
008 950510s1993----cs------------------mul-d
020 |a 80-85647-15-X 
040 |a STU  |b slo 
041 0 |a mul 
044 |a cs 
080 |a 801.323.2=850=30 
100 1 |a Zlámal, Josef  |4 ZRE 
245 1 |a Odborný slovník česko-německý z oblasti ekonomické, finanční a právní /  |c Zprac. Josef Zlámal 
260 |a Praha :  |b Linde,  |c 1993 
300 |a 205 s 
650 7 |a Slovníky ekonomické česko nemecké  |2 stusub 
650 7 |a Slovníky finančné česko nemecké  |2 stusub 
650 7 |a Slovníky právnické česko nemecké  |2 stusub 
996 |b 284M051187  |c M*9144-1  |l MMKN  |s A  |a 24  |w stu44633_0001